[Event "Wch U10"]
[Site "Weifang"]
[Date "2019.08.29"]
[Round "8"]
[White "Zhang, Lichen"]
[Black "Lu, Miaoyi"]
[Result "1/2-1/2"]
[WhiteElo "1482"]
[BlackElo "1950"]
[PlyCount "182"]
[EventDate "2019.08.21"]
[EventType "swiss"]
[EventRounds "11"]
[EventCountry "CHN"]
[SourceTitle "EXT 2020"]
[Source "ChessBase"]
[SourceDate "2019.10.17"]
[SourceVersion "1"]
[SourceVersionDate "2019.10.17"]
[SourceQuality "1"]

1. c4 c6 2. d4 d5 3. cxd5 cxd5 4. Bf4 Nf6 5. Nc3 Nc6 6. e3 Bf5 7. Qb3 Na5 8. Qa4+ Bd7 9. Qc2 e6 10. Bd3 Nc6 11. a3 Nh5 12. Nge2 Nxf4 13. Nxf4 Bd6 14. Nh5 Qg5 15. Ng3 h6 16. 0-0 0-0 17. f4 Qe7 18. Qe2 a6 19. Rae1 Rac8 20. f5 Bxg3 21. hxg3 Qg5 22. g4 Rce8 23. Qf3 Bc8 24. Qg3 exf5 25. Bxf5 g6 26. Bxc8 Rxc8 27. Rf4 Kg7 28. Qf3 Rcd8 29. Rf1 Rd7 30. Na4 Nd8 31. Nc5 Re7 32. e4 b6 33. Nxa6 Ne6 34. Rf6 Nxd4 35. Qf2 Qe5 36. Nb4 Qxe4 37. Kh1 Ne2 38. Nc6 Qxg4 39. Rf3 Rc7 40. Qxe2 Qh5+ 41. Kg1 Rxc6 42. Qe7 g5 43. Qe5+ Kg8 44. Qxd5 Rc2 45. Qb3 Qg6 46. Rxf7 Rxf7 47. Rxf7 Rxg2+ 48. Kxg2 Qxf7 49. Qxb6 Qd5+ 50. Kg3 Kg7 51. Qc7+ Kg6 52. Qc2+ Kf6 53. Qf2+ Kg7 54. Qa7+ Kg6 55. Qb6+ Kh5 56. Qe3 Qd6+ 57. Kg2 g4 58. Qe8+ Kh4 59. Qe1+ Kg5 60. Qe3+ Kf5 61. Qf2+ Kg6 62. Qc2+ Kg5 63. Qc1+ Kh5 64. Qh1+ Kg6 65. Qc1 Qd5+ 66. Kh2 Qe5+ 67. Kg2 Qe2+ 68. Kg1 g3 69. Qc6+ Kg5 70. Qd5+ Kf4 71. Qf7+ Kg4 72. Qg6+ Kh3 73. Qxh6+ Kg4 74. Qg6+ Kh3 75. Qf5+ Kh4 76. Qf4+ Kh3 77. Qh6+ Kg4 78. Qg6+ Kh3 79. Qf5+ Kh4 80. Qf6+ Kh3 81. Qf5+ Kh4 82. Qf4+ Kh3 83. Qf5+ Kh4 84. Qf4+ Kh3 85. Qf5+ Kh4 86. Qf4+ Kh3 87. Qh6+ Kg4 88. Qg6+ Kh3 89. Qh6+ Kg4 90. Qg6+ Kh3 91. Qh6+ Kg4 1/2-1/2

[Event "Wch U10"]
[Site "Weifang"]
[Date "2019.08.24"]
[Round "4"]
[White "Zhang, Lichen"]
[Black "Mayank, Chakraborty"]
[Result "0-1"]
[WhiteElo "1482"]
[BlackElo "1731"]
[PlyCount "172"]
[EventDate "2019.08.21"]
[EventType "swiss"]
[EventRounds "11"]
[EventCountry "CHN"]
[SourceTitle "EXT 2020"]
[Source "ChessBase"]
[SourceDate "2019.10.17"]
[SourceVersion "1"]
[SourceVersionDate "2019.10.17"]
[SourceQuality "1"]

1. c4 Nf6 2. Nc3 e6 3. e4 d5 4. e5 d4 5. exf6 dxc3 6. bxc3 Qxf6 7. Nf3 c5 8. d4 h6 9. Be2 cxd4 10. cxd4 Bb4+ 11. Bd2 Bxd2+ 12. Qxd2 0-0 13. 0-0 Rd8 14. Qe3 Nc6 15. Rfd1 b6 16. Ne5 Bb7 17. Bf3 Nxe5 18. dxe5 Qe7 19. Bxb7 Qxb7 20. c5 bxc5 21. Qxc5 Qb2 22. Rdb1 Qd2 23. g3 Rd5 24. Qc7 Qd4 25. Qb7 Rad8 26. Re1 Qc5 27. Rac1 Qa5 28. Re2 Qa3 29. Rce1 g6 30. Qb3 Qc5 31. Qe3 Qxe3 32. Rxe3 Ra5 33. R3e2 Rdd5 34. f4 g5 35. Kg2 Kg7 36. fxg5 hxg5 37. g4 Ra4 38. h3 Rd3 39. Rf1 Raa3 40. Rf6 Rg3+ 41. Kf1 Rac3 42. Rb2 Rxh3 43. Rb7 Rhf3+ 44. Kg2 Rxf6 45. exf6+ Kxf6 46. Rxa7 Rc4 47. Kg3 Kg6 48. Ra6 Rc3+ 49. Kf2 Kf6 50. Ra7 Rc4 51. Kg3 Re4 52. a4 Kg6 53. Ra8 f5 54. Rg8+ Kh6 55. gxf5 exf5 56. a5 Re3+ 57. Kf2 Ra3 58. Rh8+ Kg6 59. Rg8+ Kh5 60. Ra8 f4 61. a6 Kg4 62. a7 Ra2+ 63. Kf1 Kf3 64. Ke1 Ra1+ 65. Kd2 g4 66. Kd3 g3 67. Kd2 g2 68. Rg8 Ra2+ 69. Ke1 Rxa7 70. Kd2 Ra2+ 71. Kd3 Ra1 72. Rxg2 Ra3+ 73. Kd4 Kxg2 74. Ke4 Ra4+ 75. Kd3 f3 76. Ke3 Ra3+ 77. Kd4 f2 78. Ke5 Ra4 79. Kd5 f1Q 80. Ke5 Qb5+ 81. Kd6 Ra6+ 82. Kc7 Qb6+ 83. Kc8 Ra8+ 84. Kd7 Ra7+ 85. Kc8 Qb7+ 86. Kd8 Qb8# 0-1